Datum a čas kvízu
18
Celkem bodů
Celkový počet nahraných bodů na tomto kvízu bez doplňovacích otázek.
8.
Pořadí na kvízu
Konečné umístění týmu na tomto kvízu.
Zaznamenané odpovědi
| # | Otázka | Odpověď | Body | Výsledky |
|---|---|---|---|---|
| 1. | V posledních týdnech se do Čes... | spalničky | 0 | |
| 2. | Záchranáři v úterý ráno pomocí... | Rakousko, Grossglockner | 0.5 | |
| 3. | Angličan Paul Gibbons tvrdí, ž... | tank | 0 | |
| 4. | Firma Google minulý týden přej... | Gemini | 1 | |
| 5. | Jako soupeři české reprezentac... | Gruzie | 0 | |
| 6. | Vítězné téma facebookového hla... | 1B 2A 3C 4D | 1 | |
| 7. | Dne 4. ledna 1997 došlo ke sňa... | Havel, Veškrnová | 0 | |
| 8. | Říká vám něco jméno herečky Šá... | Irenka (Irena) | 0 | |
| 9. | V roce 1994 vyšel první díl he... | Tekken | 0 | |
| 10. | Ke které obci se v souvislosti... | Drnovice | 0 |